Tiêu Sơn tráng sĩ Truyện dã sử

Сохранить в:
Библиографические подробности
Главный автор: Khái Hưng
Формат:
Язык:Undetermined
Опубликовано: Hà Nội ĐH và THCN 1989
Предметы:
Метки: Добавить метку
Нет меток, Требуется 1-ая метка записи!
Thư viện lưu trữ: Trung tâm Học liệu Trường Đại học Cần Thơ
LEADER 00577nam a2200181Ia 4500
001 CTU_9303
008 210402s9999 xx 000 0 und d
082 |a 895.922331 
082 |b Kh103t/1989 
100 |a Khái Hưng 
245 0 |a Tiêu Sơn tráng sĩ 
245 0 |b Truyện dã sử 
245 0 |c Khái Hưng; Hiệu đính: Phan Cự Đệ 
260 |a Hà Nội 
260 |b ĐH và THCN 
260 |c 1989 
650 |a detective and mystery stories,vietnamese fiction - 1930 - 1945 
980 |a Trung tâm Học liệu Trường Đại học Cần Thơ